00417nam a2200121Ia 450000500170000000800460001703700120006304000200007504100130009508400310010824501110013926000450025020250923145722.0008 250917s9999 xx 000 0 eng d aTextual aDSWLbengcDSWL aeng2eng aYX,A;5-Pp433N75, N76qDSWL 4aThe seminar on the advance of family pang and the use of paramedical reroonnalc by Health Division Family aThailand bChangman Provinc c1976